000 01389nam0a22003371 4500
001 rc\4777697
005 20260407121210.0
021 _aRU
_b[69-3589]
035 _a(NLR Aleph) 009026968
090 _a9464420
_c9464420
100 _a20130417d1968 |||y0rusy50 ca
101 0 _arus
102 _aRU
105 _ay z |||c|
200 1 _aОчерки истории марксистско-ленинской философии в Белоруссии. 1919-1968
_fАН БССР. Ин-т философии и права
210 _aМинск
_cНаука и техника
_d1968
215 _a278 с.
_d20
300 _aНа 4-й с. авт.: О.И. Ефремова, Н.С. Купчин, Д.И. Широканов и др.
320 _aИменной указатель: с. 268-275
606 _aДиалектический материализм
_2psbo
606 _aМарксизм-ленинизм в Белорусской ССР
_xИстория
_2psbo
606 _aИсторический материализм
_2psbo
701 1 _aКупчин
_bН.С.
701 1 _aЕфремова
_bО.И.
701 1 _aШироканов
_bД.И.
712 0 2 _aИнститут философии и права
_cМинск
_3RU\NLR\AUTH\889954932
_9405896
801 0 _aRU
_bNLR
_gpsbo
801 1 _aRU
_bELAR
_2rusmarc
852 _aNLR
_j69-3/1409
942 _cBOOK
980 _aNB